| 000 | 01070cam a22002895a 4500 | ||
|---|---|---|---|
| 001 | L159248 | ||
| 002 | 20327 | ||
| 008 | 130423s2016 xxk f 000 0 eng d | ||
| 020 | _a9781783211401 | ||
| 035 | _a(Sirsi) u159248 | ||
| 041 | 0 | _aeng | |
| 050 | 0 | 4 | _aF692.5 $2 18 |
| 110 | 2 |
_aBuilding Cost Information Service _91096 |
|
| 245 | 0 | 0 |
_aGuide to estimating for small works _b2016 |
| 250 | _a22nd ed. | ||
| 260 |
_aLondon _bBCIS _c2016 |
||
| 300 |
_aiv, _c21cm. |
||
| 350 | _a£66.00 | ||
| 520 | _aThe aim of this book is to assist the smaller builder to estimate the cost of building works quickly and simply. The book gives the cost of each building section or element and provides a comprehensive selection of standard estimates priced in sections for a range of traditionally constructed building extensions of various types and sizes. | ||
| 520 | _aSupersedes 21st ed. (ISBN 9781783210916). | ||
| 521 | _aAdvanced | ||
| 590 | _aKA | ||
| 651 | 4 |
_aUnited Kingdom _y |
|
| 690 |
_aCost management _96233 |
||
| 690 |
_aRefurbishment _96264 |
||
| 942 | _n0 | ||
| 999 |
_c115765 _d115765 |
||